Statistics for NBA All Stars 1970-1989

Click here to take the quiz!

General Stats

  • This quiz has been taken 48 times
  • The average score is 90 of 157

Answer Stats

Answer% Correct
Dennis Johnson
100%
Eddie Johnson
100%
Gus Johnson
100%
Isiah Thomas
100%
John Johnson
100%
Kareem Abdul-Jabbar
100%
Lew Alcindor
100%
Magic Johnson
100%
Marques Johnson
100%
Steve Johnson
100%
Jerry West
97%
Larry Bird
97%
Bobby Jones
94%
Julius Erving
94%
Alvin Robertson
91%
Charles Barkley
91%
David Thompson
91%
James Worthy
91%
Jeff Malone
91%
John Havlicek
91%
Karl Malone
91%
Kevin McHale
91%
Michael Jordan
91%
Moses Malone
91%
Walt Frazier
91%
Willis Reed
91%
Bill Walton
88%
Flynn Robinson
88%
Hakeem Olajuwon
88%
Oscar Robertson
88%
Patrick Ewing
88%
Truck Robinson
88%
Wilt Chamberlain
88%
Gus Williams
85%
Lenny Wilkens
85%
Wes Unseld
85%
Buck Williams
82%
Clyde Drexler
82%
Dave Cowens
82%
Elgin Baylor
82%
George Gervin
82%
John Stockton
82%
Rick Barry
82%
Earl Monroe
79%
Elvin Hayes
79%
Jo Jo White
79%
Nate Archibald
79%
Pete Maravich
79%
Robert Parish
79%
Dominique Wilkins
76%
Phil Smith
76%
Randy Smith
76%
Adrian Dantley
74%
Alex English
74%
Bernard King
74%
Bill Laimbeer
74%
Bob McAdoo
74%
Jerry Lucas
74%
Johnny Green
74%
Maurice Lucas
74%
Rickey Green
74%
Sidney Moncrief
74%
Artis Gilmore
71%
Chris Mullin
71%
Dave DeBusschere
71%
Billy Cunningham
68%
Bob Lanier
68%
Nate Thurmond
68%
Tom Chambers
68%
Austin Carr
65%
Mark Aguirre
65%
Maurice Cheeks
65%
Walter Davis
65%
Charlie Scott
62%
Dave Bing
62%
Mark Jackson
62%
Ralph Sampson
62%
Alvan Adams
59%
Bill Bradley
59%
Gail Goodrich
59%
Mark Eaton
59%
Mark Price
59%
World B. Free
59%
Bob Love
56%
Fred Brown
56%
Jack Sikma
56%
Jim Price
56%
Brad Daugherty
53%
Campy Russell
53%
Cazzie Russell
53%
Connie Hawkins
53%
Dan Issel
53%
Fat Lever
53%
Kiki Vandeweghe
50%
Micheal Ray Richardson
50%
Paul Westphal
50%
Rolando Blackman
50%
Terry Cummings
50%
Andrew Toney
47%
Bob Dandridge
47%
Danny Ainge
47%
George McGinnis
47%
Hall Greer
47%
Jamaal Wilkes
47%
Paul Silas
47%
Reggie Theus
47%
Rudy Tomjanovich
47%
Spencer Haywood
47%
Kevin Duckworth
44%
Chet Walker
41%
Doug Collins
41%
Calvin Murphy
38%
Jimmy Walker
38%
Larry Nance
38%
Bill Cartwright
35%
Jeff Ruland
35%
Jim Paxson
35%
Kelly Tripucka
32%
Dale Ellis
29%
Geoff Petrie
29%
Kermit Washington
29%
Norm Nixon
29%
Norm Van Lier
29%
Phil Chenier
29%
Dan Roundfield
26%
Dick Van Arsdale
26%
Lou Hudson
26%
Otis Birdsong
26%
Sidney Wicks
26%
Tom Van Arsdale
26%
Doc Rivers
24%
Larry Kenon
24%
Lionel Hollins
24%
Sleepy Floyd
24%
Xavier McDaniel
21%
James Donaldson
18%
Joe Barry Carroll
18%
Scott Wedman
18%
Billy Knight
12%
Brian Winters
12%
Jeff Mullins
12%
John Drew
12%
Mike Mitchell
12%
Sam Lacey
12%
Don Buse
9%
Archie Clark
6%
Bill Bridges
6%
Bob Rule
6%
Butch Beard
6%
Calvin Natt
6%
Curtis Rowe
6%
Lonnie Shelton
6%
Steve Mix
6%
Bob Kauffman
3%
Jack Marin
3%
Joe Caldwell
3%
John Block
0%

Score Distribution

Percentile by Number Answered

Percent of People with Each Score

Your Score History

You have not taken this quiz